000 00365nam a2200157Ia 4500
005 20250425161216.0
008 250425s9999 xx 000 0 und d
041 _aeng
082 _aIBM4381
245 0 _aINDUSTRIAL PRODUCTION ILLUSTRATION FOR STUDEN
250 _aS.E.
260 _aS.L.
260 _aSin Pais
_bMCGH
_c1946
942 _c01
010 _a15101
999 _c204586
_d204586